00761 a2200253 4500001000700000020002500007020002500032041000800057090001500065100002300080250001700103300001200120697003200132697001400164697003200178697001200210856002400222040002500246245004300271260004400314942000700358952012300365999001900488111388 a9781592499922 (pbk.) a9781607271918 (pbk.) apor aSK 595 SCH aSchwaeber, Barbie. a1st pbk. ed. a[36] p. aPicture books for children. aAlphabet. aEnglish language - Alphabet aInsects u00001d/00001d88.jpg aBR-BrIDEAcBR-BrIDEA10aAlphabet of insectsc Barbie Schwaeber aNew YorkbSmithsonian Institutionc2008 cBK 00102ddc4070a12.28b12.28d2013-09-03l4oSK 595 SCHp00005292SSWr2024-06-28 17:15:13s2024-06-17w2024-01-23yBK c111388d111388